All Countries by Capital - Europe - Statistics

General Stats
  • This quiz has been taken 28 times
  • The average score is 41 of 45
Answer Stats
Capitals Countries % Correct
Brussels Belgium
100%
Paris France
100%
Berlin Germany
100%
Athens Greece
100%
Budapest Hungary
100%
Dublin Ireland
100%
Amsterdam Netherlands
100%
Lisbon Portugal
100%
Madrid Spain
100%
Stockholm Sweden
100%
London United Kingdom
100%
Andorra la Vella Andorra
96%
Vienna Austria
96%
Helsinki Finland
96%
Rome Italy
96%
Luxembourg Luxembourg
96%
Monaco Monaco
96%
Warsaw Poland
96%
Bucharest Romania
96%
Moscow Russia
96%
San Marino San Marino
96%
Kyiv Ukraine
96%
Vatican City Vatican City
96%
Prague Czech Republic
92%
Copenhagen Denmark
92%
Tallinn Estonia
92%
Reykjavik Iceland
92%
Riga Latvia
92%
Oslo Norway
92%
Bratislava Slovakia
92%
Bern Switzerland
92%
Minsk Belarus
88%
Sarajevo Bosnia &Herzegovina
88%
Sofia Bulgaria
88%
Belgrade Serbia
88%
Ljubljana Slovenia
88%
Zagreb Croatia
85%
Vilnius Lithuania
85%
Valletta Malta
81%
Skopje North Macedonia
81%
Pristina Kosovo
77%
Podgorica Montenegro
77%
Tirana Albania
73%
Vaduz Liechtenstein
73%
Chișinău Moldova
65%
No matching quizzes found
Score Distribution
Percent of People with Each Score
Percentile by Number Answered
Your Score History
You have not taken this quiz